Regeneration Landscapes : integrating sustainable land management with ecological restoration / (Record no. 52168)

MARC details
000 -LEADER
fixed length control field 00735nam a22002417a 4500
003 - CONTROL NUMBER IDENTIFIER
control field OSt
008 - FIXED-LENGTH DATA ELEMENTS--GENERAL INFORMATION
fixed length control field 260620b |||||||| |||| 00| 0 eng d
020 ## - INTERNATIONAL STANDARD BOOK NUMBER
International Standard Book Number 9789363461635
082 ## - DEWEY DECIMAL CLASSIFICATION NUMBER
Classification number 333.73153
Item number K16R
245 ## - TITLE STATEMENT
Title Regeneration Landscapes : integrating sustainable land management with ecological restoration /
Statement of responsibility, etc. edited by Tarun Kant and Aditi Tailor
260 ## - PUBLICATION, DISTRIBUTION, ETC. (IMPRINT)
Place of publication, distribution, etc .- New Delhi
Name of publisher, distributor, etc : Scientific Publishers
Date of publication, distribution, etc , 2025
300 ## - PHYSICAL DESCRIPTION
Extent xiv. 252 p.
650 ## - SUBJECT ADDED ENTRY--TOPICAL TERM
Topical term or geographic name as entry element Social Sciences
650 ## - SUBJECT ADDED ENTRY--TOPICAL TERM
Topical term or geographic name as entry element Economics
650 ## - SUBJECT ADDED ENTRY--TOPICAL TERM
Topical term or geographic name as entry element Restoration Ecology
650 ## - SUBJECT ADDED ENTRY--TOPICAL TERM
Topical term or geographic name as entry element Landscapes
650 ## - SUBJECT ADDED ENTRY--TOPICAL TERM
Topical term or geographic name as entry element Land use
650 ## - SUBJECT ADDED ENTRY--TOPICAL TERM
Topical term or geographic name as entry element Landscape Protection
650 ## - SUBJECT ADDED ENTRY--TOPICAL TERM
Topical term or geographic name as entry element Sustainable Development
700 ## - ADDED ENTRY--PERSONAL NAME
Personal name Kant, Tarun.
700 ## - ADDED ENTRY--PERSONAL NAME
Personal name Tailor, Aditi.
942 ## - ADDED ENTRY ELEMENTS (KOHA)
Source of classification or shelving scheme
Koha item type Books
Holdings
Withdrawn status Lost status Source of classification or shelving scheme Damaged status Not for loan Home library Current library Shelving location Date acquired Source of acquisition Currency Cost, normal purchase price Total Checkouts Full call number Barcode Date last seen Bill Date Koha item type Bill Number
          Dr. Rajendra Prasad Central Agricultural University Pusa, Dr. Rajendra Prasad Central Agricultural University Pusa, General Stacks 20/06/2026 Scientific Publishers, Rajasthan INR 5500.00   333.73153 K16R 88808 20/06/2026 06/02/2026 Books SPI/25-26/427
          Dr. Rajendra Prasad Central Agricultural University Pusa, Dr. Rajendra Prasad Central Agricultural University Pusa, General Stacks 20/06/2026 Scientific Publishers, Rajasthan INR 5500.00   333.73153 K16R 88809 20/06/2026 06/02/2026 Books SPI/25-26/427
Hosted, Implemented, Customized & Maintained by: BestBookBuddies

Powered by Koha